Statistiques concernant Les pokemon qui méga evolue

Cliquez ici pour prendre le quiz!

Statistiques générales

  • Ce quiz a été pris 500 fois
  • Le résultat moyen est 38 sur 48

Statistiques - réponses

RégionType de quizRéponse% Correct
KantoPlante poisonFlorizarre
98%
KantoEauTortank
94%
KantoFeu dragonDracaufeu x
90%
KantoFeu volDracaufeu y
89%
KantoSpectre poisonEctoplasma
89%
KantoPsyAlakazam
88%
KantoInsecte poisonDardargnan
87%
KantoNormal volRoucarnage
87%
HoennFeu combatBraségali
86%
HoennEau solLaggron
85%
HoennPlante dragonJungko
83%
KantoPsy combatMewtwo x
83%
KantoPsyMewtwo y
83%
KantoRoche volPtéra
81%
JohtoInsecte acierCizayox
79%
KantoEau psyFlagadoss
79%
HoennPsy féeGardevoir
79%
HoennDragon volRayquaza
79%
KalosRoche féeDiancie
78%
HoennDragon psyLatias
78%
HoennDragon psyLatios
78%
SinnohCombat acierLucario
78%
HoennAcier psyMétalosse
78%
KantoInsecte volScarabrute
78%
HoennDragon volDrattak
77%
SinnohPsy combatGallame
77%
KantoEau ténèbreLéviator
77%
HoennGlaceOniglali
77%
HoennTénèbre spectreTénéfix
77%
JohtoTenebre feuDémolosse
76%
HoennÉlectrikÉlecsprint
76%
JohtoInsecte combatScarhino
76%
SinnohPlante glaceBlizzaroi
75%
HoennFeu solCamérupt
75%
JohtoAcier solSteelix
75%
KantoNormalKangourex
74%
JohtoÉlectrik dragonPharamp
74%
HoennEau ténèbreSharpedo
73%
SinnohDragon solCarchacrok
72%
JohtoRoche ténèbreTyranocif
72%
HoennDragon féeAltaria
71%
HoennCombat psyCharmina
71%
HoennAcierGaleking
71%
HoennAcier féeMysdibule
71%
UnysNomal féeNanméouïe
70%
HoennSpectreBranette
68%
HoennTénèbreAbsol
66%
SinnohNormal combatLockpin
64%

Distribution des résultats

Percentile par nombre de réponses

% des personnes avec chaque résultat

Votre développement - résultats

Vous n’avez pas pris ce quiz